01277cam a2200277 a 450000100060000000300080000600500170001400800390003102000220007003500190009203500120011104000250012304100110014808200170015910000330017624502060020926000750041530000250049050000510051550400530056650502630061965000250088265000220090765100380092965100320096724181BD-RjUL20211209001022.0140312r19721965flu b 001 0 eng a0870241281 (v. 2) a(BD-RjUL)24247 a2474500 aLCbengcLCdBD-RjUL1 aengger04a320.943bRIS1 aRitter, Gerhard,d1888-1967.14aThe sword and the scepter :bthe problem of militarism in Germany /cby Gerhard Ritter, translated from the German by Heinz Norden.nVolume IIpThe European powers and the Wilhelminian Empire 1890-1914 aCoral Gables, Fla. :bUniversity of Miami Press,c1965 [printing 1972] avi, 328 p. ;c25 cm. aTranslation of Staatskunst und Kriegshandwerk. aIncludes bibliographical references and indexes.0 av. 1. The Prussian tradition, 1740-1890 -- v. 2. The European powers and the Wilhelminian empire, 1890-1914 -- v. 3. The tragedy of statesmanship : Bethmann Hollweg as War Chancellor, 1914-1917 --v. 4. The reign of German militarism and the disaster of 1918. 0aMilitarismzGermany. 0aPolitics and war. 0aGermanyxPolitics and government. 0aGermanyxHistory, Military.